Multiple Choice City Quiz – Zurich - Statistics

General Stats
  • This quiz has been taken 138 times
    119 since last reset
  • The average score is 6 of 10
Answer Stats
Question Answer % Correct
Which international sports federation has its headquarters in Zurich? FIFA
81%
Which of the following scientists has lived in Zurich at some point? Albert Einstein
77%
What are the two colors found on the coat of arms of Zurich? Blue and White
74%
On what river is Zurich located? Limmat
70%
Which mountain near Zurich is known for its panoramic views and hiking trails? Uetliberg
68%
The earliest known form of Zurich's name Turicum
67%
The mid-15th century conflict known as the Old Zurich War was fought between Zurich and which other entity? The rest of the Old Swiss Confederacy
59%
How many municipal districts does Zurich have? 12
55%
From what country does the largest group of foreign residents come from in Zurich, other than Germany or Italy? Portugal
44%
What was Zurich originally founded as during Roman times? A military outpost
27%
No matching quizzes found
Score Distribution
Percent of People with Each Score
Percentile by Number Answered
Your Score History
You have not taken this quiz since the last reset